Statistiques concernant Pays avec des léopards des neiges

Cliquez ici pour prendre le quiz!

Statistiques générales

  • Ce quiz a été pris 71 fois
  • Le résultat moyen est 10 sur 12

Statistiques - réponses

Pays léopard des neiges% Correct
Chine
97%
Russie
95%
Inde
90%
Nepal
89%
Bhoutan
85%
Kazakhstan
85%
Mongolie
85%
Afghanistan
82%
Kirghizistan
80%
Pakistan
80%
Ouzbekistan
77%
Tadjikistan
74%

Distribution des résultats

Percentile par nombre de réponses

% des personnes avec chaque résultat

Votre développement - résultats

Vous n’avez pas pris ce quiz